New Girl Characters By Picture - Statistics

General Stats
  • This quiz has been taken 165 times
  • The average score is 12 of 16
Answer Stats
Picture Answer % Correct
Jessica Day
99%
Ernie Tagliaboo
96%
Nick Miller
94%
Cece Parekh
93%
Winston Bishop
93%
Winston Schmidt
93%
Aly Nelson
79%
Tran
77%
Robby
75%
Caroline
74%
Sam Sweeney
74%
Reagan Lucas
73%
Paul Genzlinger
64%
Russell Schiller
61%
Bob Day
58%
Gavin Schmidt
44%
No matching quizzes found
Score Distribution
Percent of People with Each Score
Percentile by Number Answered
Your Score History
You have not taken this quiz